| 000 | 00436nam a2200169Ia 4500 | ||
|---|---|---|---|
| 008 | 191130s2008##################000#0#eng## | ||
| 020 | _a9780199568420 | ||
| 040 |
_aACL _cACL |
||
| 082 | _a330 LIP | ||
| 245 |
_aEconomics _cChrystal, Lipsey |
||
| 260 |
_a[no place] _b[publisher not identified] _c2008 |
||
| 300 | _a685p | ||
| 650 | _aEconomics | ||
| 990 | _aa84060e6ac10000c1e8bc623242bf1a5 | ||
| 991 | _a418553 | ||
| 999 |
_c258016 _d258016 |
||